• 首页
  • 本馆介绍
  • 公告通知
  • 最新文献
  • 馆藏检索
  • 电子资源
  • 读者导购
  • 参考咨询
  • 我的图书馆
  • 登录
  • 详细信息显示
  • 放入我的书架
  • 预约/预借图书
  • 作者相关作品
  • 分类相关作品
  • 丛书相关作品
  • 出版社相关作品

书目信息

  • 表格格式
  • 工作单格式
  • 卡片格式
题名:
云上的中国
    
 
作者: 吴晓波 , 王坤祚 , 钱跃东 东著
分册:  
出版信息: 北京   中信出版社  2021.4
页数: 14,284页
开本: 23cm
丛书名:
单 册:
中图分类: F492 , F49
科图分类:
主题词: 互联网络--产业发展--研究--中国
电子资源:
ISBN: 978-7-5217-2858-3
000 01603nam0 2200253 450
001 2149520194
005 20211116134527.36
010    @a978-7-5217-2858-3@dCNY78.00
100    @a20210325d2021 em y0chiy0110 ea
101 0  @achi
102    @aCN@b110000
105    @ay z 000yy
200 1  @a云上的中国@9yun shang de zhong guo@e激荡的数智化未来@f吴晓波,王坤祚,钱跃东著
210    @a北京@c中信出版社@d2021.4
215    @a14,284页@d23cm
330    @a本书为中国产业互联网案例类作品。本书由吴晓波领衔策划与执笔,经过对阿里云和各行业案例的实地调研与深入采访,从零售、运营、制造、出行、教育、城市治理等不同领域甄选出最具标杆意义的案例,在全景式呈现中国数字新基建的产业图景与未来趋势的同时,回答中国所处的转型阶段、在全球数智化浪潮中的地位,还原政府与企业在转型中的痛点与解决思路,以期为政企的数智化转型提供切实可行的行动路径。2020年,充满着戏剧性、偶然性、不确定性和巨大的激荡感。在疫情的冲击下,一个云上的孪生中国正在加速诞生:商业、生活、社交、服务、城市治理都被交托至云端,中国进入云2.0时代——从数字化向数智化全面转型。与之对应,政府和企业需要具备的不再是单一的大数据能力,而是数字化、智能化、移动化兼具的云能力。疫情让人们更强烈地意识到,云能力是现代城市治理必须具备的关键能力,也是企业在数字经济时代的硬实力。企业如何在竞争中脱颖而出?政府如何更好地融合产业势能、城市发展与人的需求,领跑区域经济的同时,共建更宜居的人性化城市?
606 0  @a互联网络@x产业发展@x研究@y中国
690    @aF492@v5
690    @aF49@v4
701  0 @a吴晓波@9wu xiao bo@4东著
701  0 @a王坤祚@9wang kun zuo@4东著
701  0 @a钱跃东@9qian yue dong@4著
801  0 @aCN@b山东中教@c20211112
905    @aZUCC@dF49@e24
    
    云上的中国:激荡的数智化未来/吴晓波,王坤祚,钱跃东著.-北京:中信出版社,2021.4
    14,284页;23cm
    
    
    ISBN 978-7-5217-2858-3:CNY78.00
    本书为中国产业互联网案例类作品。本书由吴晓波领衔策划与执笔,经过对阿里云和各行业案例的实地调研与深入采访,从零售、运营、制造、出行、教育、城市治理等不同领域甄选出最具标杆意义的案例,在全景式呈现中国数字新基建的产业图景与未来趋势的同时,回答中国所处的转型阶段、在全球数智化浪潮中的地位,还原政府与企业在转型中的痛点与解决思路,以期为政企的数智化转型提供切实可行的行动路径。2020年,充满着戏剧性、偶然性、不确定性和巨大的激荡感。在疫情的冲击下,一个云上的孪生中国正在加速诞生:商业、生活、社交、服务、城市治理都被交托至云端,中国进入云2.0时代——从数字化向数智化全面转型。与之对应,政府和企业需要具备的不再是单一的大数据能力,而是数字化、智能化、移动化兼具的云能力。疫情让人们更强烈地意识到,云能力是现代城市治理必须具备的关键能力,也是企业在数字经济时代的硬实力。企业如何在竞争中脱颖而出?政府如何更好地融合产业势能、城市发展与人的需求,领跑区域经济的同时,共建更宜居的人性化城市?
●
相关链接 在五车中查询图书 在当当中查询图书 在豆瓣中查询图书


正题名:云上的中国     索取号:F49/24         预约/预借

序号 登录号 条形码 馆藏地/架位号 状态 备注
1 2000887491   2000887491   第三书库/ [索取号:F49/24] 在馆    
2 2000887492   2000887492   第三书库/ [索取号:F49/24] 在馆    
3 2000887493   2000887493   第三书库/ [索取号:F49/24] 在馆    
山东省滨州职业学院图书馆 欢迎您!
大连网信软件有限公司© 版权所有